000 00484nam a2200229Ia 4500
003 IT-RoPAU
008 120407s9999 xx 000 0 und d
040 _aIT-RoPAU
040 _cIT-RoPAU
041 _aita
100 _aGigi Avanti
245 _aGrazie , sorella!
250 _aCinisello Balsamo
260 _aEdizioni Paoline
260 _c1989
300 _a111 p.
300 _c20 cm
490 _aFelici di vivere
490 _v16
942 _cBK
999 _c24401
_d24401